Catálogo
 En Linea

Aplicación Pla&Prosoft: (Registro nro. 54664)

Detalles MARC
000 -CABECERA
campo de control de longitud fija 00999nam a2200277 i 4500
003 - IDENTIFICADOR DEL NÚMERO DE CONTROL
campo de control DO-SdBNP
005 - FECHA Y HORA DE LA ÚLTIMA TRANSACCIÓN
campo de control 20230908152254.0
006 - CÓDIGOS DE INFORMACIÓN DE LONGITUD FIJA--CARACTERÍSTICAS DEL MATERIAL ADICIONAL
campo de control de longitud fija a||||fr|||| 00| 0
007 - CAMPO FIJO DE DESCRIPCIÓN FÍSICA--INFORMACIÓN GENERAL
campo de control de longitud fija ta
008 - DATOS DE LONGITUD FIJA--INFORMACIÓN GENERAL
campo de control de longitud fija 230908b200? |||||||| |||| 00| 0 spa d
040 ## - FUENTE DE LA CATALOGACIÓN
Centro catalogador/agencia de origen DO-SdBNP
Lengua de catalogación spa
Centro/agencia transcriptor BNPHU
Normas de descripción rda
082 #4 - NÚMERO DE LA CLASIFICACIÓN DECIMAL DEWEY
Número de edición 22
Número de documento/Ítem A642p
245 10 - MENCIÓN DE TÍTULO
Título Aplicación Pla&Prosoft:
Resto del título planificación y programación en Excel y Proiect. manual del usuario
Mención de responsabilidad, etc. Miguel A. Campusano Michel.
246 13 - FORMA VARIANTE DE TÍTULO
Título propio/Titulo breve Pla&Prosoft:
246 13 - FORMA VARIANTE DE TÍTULO
Título propio/Titulo breve Planificación y programación en Excel y Proiect:
Resto del título manual del usuario
264 ## - PRODUCCIÓN, PUBLICACIÓN, DISTRIBUCIÓN, FABRICACIÓN Y COPYRIGHT
Producción, publicación, distribución, fabricación y copyright [sin lugar] :
Nombre del de productor, editor, distribuidor, fabricante [sin editora]
Fecha de producción, publicación, distribución, fabricación o copyright [200?]
300 ## - DESCRIPCIÓN FÍSICA
Extensión 148 págianas :
Otras características físicas Ilustraciones, gráficas ;
Dimensiones 29 cm.
336 ## - TIPO DE CONTENIDO
Fuente rdacontent
Término de tipo de contenido texto
Código de tipo de contenido txt
337 ## - TIPO DE MEDIO
Fuente rdamedia
Nombre/término del tipo de medio sin mediación
Código del tipo de medio n
338 ## - TIPO DE SOPORTE
Fuente rdacarrier
Nombre/término del tipo de soporte volumen
Código del tipo de soporte nc
500 ## - NOTA GENERAL
Nota general Incluye índices, páginas143 - 144
504 ## - NOTA DE BIBLIOGRAFÍA, ETC.
Nota de bibliografía, etc. Bibliografía: páginas 145 - 148
563 ## - NOTA DE ENCUADERNACIÓN
Nota de encuadernación Copia en original encuadernado en espiral.
590 ## - NOTA LOCAL (RLIN)
Nota local Inventariado 2023 / MF
942 ## - ELEMENTOS DE PUNTO DE ACCESO ADICIONAL (KOHA)
Fuente del sistema de clasificación o colocación Dewey Decimal Classification
Tipo de ítem Koha Libro
Existencias
Estado de retiro Estado de pérdida Fuente del sistema de clasificación o colocación Restricciones de uso No para préstamo Código de colección Localización permanente Ubicación/localización actual Ubicación en estantería Fecha de adquisición Fuente de adquisición Total de préstamos Signatura topográfica completa Código de barras Fecha visto por última vez Precio válido a partir de Tipo de ítem Koha
    Dewey Decimal Classification Excluido de préstamo   Patrimonio Dominicano Biblioteca Nacional Pedro Henríquez Ureña Biblioteca Nacional Pedro Henríquez Ureña En catalogación 20.09.2019 Depósito Legal   A642p 2023-5712 08.09.2023 08.09.2023 Libro

Con tecnología Koha